<?xml version="1.0" encoding="UTF-8"?>
<collection xmlns="http://www.loc.gov/MARC21/slim">
 <record>
  <leader>01746nam a22004217a 4500</leader>
  <controlfield tag="001">000103321</controlfield>
  <controlfield tag="003">CZ-PrVSE</controlfield>
  <controlfield tag="005">20080306103759.0</controlfield>
  <controlfield tag="007">ta</controlfield>
  <controlfield tag="008">080213s1988    xxuac  frbi   001 0 eng d</controlfield>
  <datafield tag="020" ind1=" " ind2=" ">
   <subfield code="a">0-945466-02-1</subfield>
   <subfield code="q">(brož.)</subfield>
  </datafield>
  <datafield tag="040" ind1=" " ind2=" ">
   <subfield code="a">ABA006</subfield>
   <subfield code="b">cze</subfield>
   <subfield code="c">ABA006</subfield>
   <subfield code="d">ABA006</subfield>
  </datafield>
  <datafield tag="072" ind1=" " ind2="7">
   <subfield code="a">330.8</subfield>
   <subfield code="x">Ekonomické teorie, doktríny, směry</subfield>
   <subfield code="2">Konspekt</subfield>
   <subfield code="9">4</subfield>
  </datafield>
  <datafield tag="072" ind1=" " ind2="9">
   <subfield code="a">330.1</subfield>
   <subfield code="x">Economic systems, schools, theories</subfield>
   <subfield code="2">Conspectus</subfield>
   <subfield code="9">4</subfield>
  </datafield>
  <datafield tag="080" ind1=" " ind2=" ">
   <subfield code="a">330.831</subfield>
   <subfield code="2">MRF</subfield>
  </datafield>
  <datafield tag="080" ind1=" " ind2=" ">
   <subfield code="a">330.831.8(73)</subfield>
   <subfield code="2">MRF</subfield>
  </datafield>
  <datafield tag="080" ind1=" " ind2=" ">
   <subfield code="a">(048.8)</subfield>
   <subfield code="2">MRF</subfield>
  </datafield>
  <datafield tag="099" ind1=" " ind2="9">
   <subfield code="a">330.8BLO</subfield>
  </datafield>
  <datafield tag="245" ind1="0" ind2="0">
   <subfield code="a">Man, economy, and liberty :</subfield>
   <subfield code="b">essays in honor of Murray N. Rothbard /</subfield>
   <subfield code="c">edited with an introduction by Walter Block and Llewellyn H. Rockwell, Jr.</subfield>
  </datafield>
  <datafield tag="260" ind1=" " ind2=" ">
   <subfield code="a">Auburn :</subfield>
   <subfield code="b">Ludwig von Mises Institute,</subfield>
   <subfield code="c">1988</subfield>
  </datafield>
  <datafield tag="300" ind1=" " ind2=" ">
   <subfield code="a">xviii, 423 s. :</subfield>
   <subfield code="b">il., portréty</subfield>
  </datafield>
  <datafield tag="504" ind1=" " ind2=" ">
   <subfield code="a">Obsahuje bibliografii a rejstřík</subfield>
  </datafield>
  <datafield tag="600" ind1="1" ind2="7">
   <subfield code="a">Rothbard, Murray Newton,</subfield>
   <subfield code="d">1926-1995</subfield>
   <subfield code="7">jn20011018422</subfield>
   <subfield code="2">czenas</subfield>
  </datafield>
  <datafield tag="650" ind1="0" ind2="7">
   <subfield code="a">rakouská ekonomická škola</subfield>
   <subfield code="7">ph416456</subfield>
   <subfield code="2">czenas</subfield>
  </datafield>
  <datafield tag="650" ind1="0" ind2="7">
   <subfield code="a">neoliberalismus</subfield>
   <subfield code="7">ph120784</subfield>
   <subfield code="2">czenas</subfield>
  </datafield>
  <datafield tag="651" ind1=" " ind2="7">
   <subfield code="a">Spojené státy americké</subfield>
   <subfield code="7">ge128584</subfield>
   <subfield code="2">czenas</subfield>
  </datafield>
  <datafield tag="655" ind1=" " ind2="7">
   <subfield code="a">monografie</subfield>
   <subfield code="7">fd132842</subfield>
   <subfield code="2">czenas</subfield>
  </datafield>
  <datafield tag="650" ind1="0" ind2="9">
   <subfield code="a">Austrian school of economics</subfield>
   <subfield code="2">eczenas</subfield>
  </datafield>
  <datafield tag="650" ind1="0" ind2="9">
   <subfield code="a">neo-liberalism</subfield>
   <subfield code="2">eczenas</subfield>
  </datafield>
  <datafield tag="651" ind1=" " ind2="9">
   <subfield code="a">United States</subfield>
   <subfield code="2">eczenas</subfield>
  </datafield>
  <datafield tag="655" ind1=" " ind2="9">
   <subfield code="a">monographs</subfield>
   <subfield code="2">eczenas</subfield>
  </datafield>
  <datafield tag="700" ind1="1" ind2=" ">
   <subfield code="a">Block, Walter,</subfield>
   <subfield code="d">1941-</subfield>
   <subfield code="7">vse2008438031</subfield>
   <subfield code="4">edt</subfield>
   <subfield code="4">aui</subfield>
  </datafield>
  <datafield tag="700" ind1="1" ind2=" ">
   <subfield code="a">Rockwell, Llewellyn H.,</subfield>
   <subfield code="d">1944-</subfield>
   <subfield code="7">vse2008438029</subfield>
   <subfield code="4">edt</subfield>
   <subfield code="4">aui</subfield>
  </datafield>
  <datafield tag="700" ind1="1" ind2=" ">
   <subfield code="a">Rothbard, Murray Newton,</subfield>
   <subfield code="d">1926-1995</subfield>
   <subfield code="7">jn20011018422</subfield>
   <subfield code="4">dte</subfield>
  </datafield>
  <datafield tag="993" ind1=" " ind2=" ">
   <subfield code="a">003565243</subfield>
  </datafield>
  <datafield tag="996" ind1=" " ind2=" ">
   <subfield code="1">PKF5</subfield>
   <subfield code="3">F198142</subfield>
   <subfield code="4">N:G</subfield>
   <subfield code="5">3142217102</subfield>
   <subfield code="7">Donated Chris Tame Library</subfield>
   <subfield code="8">20080213</subfield>
   <subfield code="9">330.8BLO</subfield>
   <subfield code="f">81</subfield>
   <subfield code="l">UEP01</subfield>
   <subfield code="m">BOOK</subfield>
   <subfield code="q">Chris Tame Library</subfield>
   <subfield code="t">na 1 měsíc</subfield>
   <subfield code="u">UEP01</subfield>
   <subfield code="w">20080220</subfield>
  </datafield>
 </record>
</collection>
